Le comté de Tripoli sous la dynastie toulousaine, (1102-1187).

محفوظ في:

المؤلف الرئيسي: Richard, Jean, 1921 Feb. 7- (مؤلف)

التنسيق: كتاب

اللغة: French

منشور في: Paris : P. Geuthner, 1945.

سلاسل: Bibliothèque archéologique et historique ; 39.
BAH ; 39.

الموضوعات:

الوسوم: إضافة وسم

لا توجد وسوم, كن أول من يضع وسما على هذه التسجيلة!

رقم الطلب: DS93 .F8 v.39

LEADER 00767namaa2200253 4500
001 22588
003 OSt
005 20260216094259.0
008 130303s1945 fr b b 000 0 fre d
010 |a 46003026 
040 |c ARCE Library 
043 |a a-sy--- 
050 4 |a DS93 .F8 v.39 
100 1 |a Richard, Jean,  |d 1921 Feb. 7-,   |e author 
245 1 3 |a Le comté de Tripoli sous la dynastie toulousaine, (1102-1187). 
264 1 |a Paris :   |b P. Geuthner,   |c 1945. 
300 |a viii, 95 pages :  |b maps (part folded) ;  |c 28 cm. 
490 0 |a Bibliothèque archéologique et historique ;  |v 39. 
490 0 |a BAH ;   |v 39. 
504 |a "Sources et bibliographie": p. iii-viii. 
651 0 |a Tripoli (Syria)  |x History.  
901 |a reviewed 
942 |c BK  |2 lcc 
999 |c 28715  |d 28715